000 00423nam a22001457a 4500
999 _c7634
_d7632
005 20210316145305.0
008 210316b ||||| |||| 00| 0 eng d
082 _a346.066
100 _aAIYAR, A.N.
_96466
245 _aREPOERTS OF COMPANY CASES INCLUDING CASES ON BANKING AND INSURENCE [VOL-118]
260 _aCHENNAI
_bCOMPANY LAW INSTITUTE OF INDIA
_c2004
300 _a768;i-xxxv,p
650 _aLAW
_95701
942 _cJRL